01692nam a2200313uu 4500001000800000005001700008008004100025020001800066035001200084040001300096041000800109082000800117100003900125245009200164250002100256260003500277300001700312505050300329520029900832650003901131650002901170650003801199650002801237650002901265650001801294650002401312650001901336650002301355136829120260508084701.0140429e20110429 spa  a9789584497772 a1368291 ccomduadb aspa 4a65810aLalinde Cardona, Sofía4auteaut10aAl oído del gerente : casos reales de aplicación de conceptos financieros básicos aCuarta edición aMedellín :bAutor(a),c2021. a93 páginas aCONTENIDO : Presentación. -- Para quién se trabaja : mercado específico. -- Gastar menos de lo que se tiene. Contabilidad y capacidad de endeudamiento. -- Trabajar para ganar. Precio de venta y punto de equilibrio. -- Ver pasar y no tocar. Capital de trabajo. -- Planear para luego disfrutar. Flujo de caja. -- Crear valor, mantenerlo y aumentarlo. Evaluación del valor agregado, indicadores de gestión y el valor de la empresa. -- Epílogo. -- Glosario. Términos, fórmulas y reglas.3 aRESUMEN : Al oído del gerente explica con clariedad los conceptos estudiados en la universidad, al presentar los negocios con problemas realez, intercalados con historias del campo, que también dejan una valiosa enseñanza. En pocas palabras, es un libro ameno, fácil de leer y entender. 7aAdministración de empresas2lemb 7aEmpresasxFinanzas2lemb 7aAdministración financiera2lemb aPlaneación financiera aContabilidad empresarial 0aEndeudamiento 7aFlujo de caja2lemb aValor agregado aCapital financiero